Cómo hacer juegos con papel : (Registro nro. 12352)

Detalles MARC
000 -LIDER
fixed length control field 00902nam a22002777a 4500
001 - NÚMERO DE CONTROL
Identificador de número de control 000584720
003 - IDENTIFICACDOR DE NÚMERO DE CONTROL
control field DO-SdBNP
005 - DATE AND TIME OF LATEST TRANSACTION
control field 20180216090341.0
007 - CAMPOS FIJOS DE DESCRIPCIÓN FÍSICA
fixed length control field 000584720
008 - ELEMENTOS DE LONGITUD FIJA
fixed length control field 161205b 1987 sp a ||||| |||| 00| 0 spa d
020 ## - ISBN
International Standard Book Number 847374005X
040 ## - FUENTE DE CATALOGACIÓN
Agencia que crea de manera original el registro BPMSU
Idioma de catalogación spa
Agencia que realiza la transcripción BPMSU
082 ## - NÚMERO DE CLASIFICACIÓN DECIMAL DE DEWEY
Classification number xxxx
Item number xxxx
100 1# - ASIENTO PRINCIPAL -- NOMBRE PERSONAL
Nombre personal Curtis, Annabelle
245 10 - MENCIÓN DE TITULO
Título Cómo hacer juegos con papel :
Subtítulo cosas que se pueden hacer con papel, cartón y cartulina /
Mención de responsabilidad escrito y proyectado por Annabelle Curtis y Judy Hindley ; ilustrado por Colin King.
260 ## - PUBLICACIÓN, DISTRIBUCIÓN, ETC. (PIE DE IMPRENTA)
Lugar de publicación, distribución, etc Madrid :
Nombre del editor, distribuidor, etc. Plesa,
Fecha de publicación, distribución, etc 1987.
300 ## - DESCRIPCIÓN FÍSICA
Extensión 47 p. :
Otros detalles físicos il. ;
Dimensiones 28 cm.
490 1# - MENCIÓN DE SERIES
Mención de serie Cómo hacer.
500 ## - NOTA GENERAL
Nota general Subtítulo tomado de la carátula.
700 1# - ASIENTO SECUNDARIO -- NOMBRE PERSONAL
Nombre personal Hindley, Judy
700 1# - ASIENTO SECUNDARIO -- NOMBRE PERSONAL
Nombre personal King, Colin,
Mención de responsabilidad il.
830 #0 - ASIENTO SECUNDARIO DE SERIE--TÍTULO UNIFORME
Título uniforme Cómo hacer.
942 ## - ADDED ENTRY ELEMENTS (KOHA)
Source of classification or shelving scheme Dewey Decimal Classification
Koha item type Libros
945 ## - INFORMACIÓN DE PROCESAMIENTO LOCAL
Información de procesamiento local inventariado, 2018 / dg
956 ## - LOCAL ELECTRONIC LOCATION AND ACCESS (OCLC)
Método de acceso LOPEREZ
Materiales especificados 10
Enlace 20161207
Campo enlazado y núm. de secuencia BPMSU
Nombre de host 00041
Existencias
Withdrawn status Lost status Source of classification or shelving scheme Damaged status Not for loan Collection code Home library Current library Date acquired Source of acquisition Total Checkouts Full call number Barcode Date last seen Price effective from Koha item type
    Dewey Decimal Classification     Colección Infantil General Biblioteca Pública Metropolitana Salomé Ureña Biblioteca Pública Metropolitana Salomé Ureña 12/07/2016 FUNDI   xxxx xxxx BPMSU16120209 12/07/2016 12/07/2016 Libros